Sesenta y siete (67) experimentos divertidos y una guía del método científico (Registro nro. 3424)
[ vista simple ]
| 000 -Cabecera | |
|---|---|
| Campo de control de longitud fija | 00691ata a2200265 4500 |
| 005 - Fecha y hora de la última transacción | |
| Campo de control | 20240502175031.0 |
| 008 - Elementos de longitud fija--Información general | |
| Campo de control de longitud fija | 150227b2006 xxu||||| |||| 00| 0 eng d |
| 020 ## - International Standard Book Number | |
| Número Internacional Estándar del Libro (ISBN) | 9968954322 |
| 041 ## - Idioma | |
| Código de idioma | Español |
| 082 ## - Clasificación Decimal Dewey | |
| Número de clasificación | 500.078 L579s |
| 100 ## - Entrada principal--Autor personal | |
| Nombre personal | León Castellá, Alejandra |
| 9 (RLIN) | 9666 |
| 245 ## - Título propiamente dicho | |
| Título | Sesenta y siete (67) experimentos divertidos y una guía del método científico |
| 250 ## - Edición | |
| Mención de edición | 2 edición |
| 260 ## - Pie de imprenta | |
| Lugar de publicación, distribución, etc. | Costa Rica |
| 260 ## - Pie de imprenta | |
| Nombre del editor, distribuidor, etc. | Fundación Cientec |
| 260 ## - Pie de imprenta | |
| Fecha de publicación, distribución, etc. | 2006 |
| 300 ## - Descripción física | |
| Extensión | 77 páginas |
| 650 ## - Materia general | |
| Temática (materia general) | EXPERIMENTOS |
| 650 ## - Materia general | |
| Temática (materia general) | PROYECTOS CIENTÍFICOS |
| 650 ## - Materia general | |
| Temática (materia general) | EDUCACIÓN |
| 650 ## - Materia general | |
| Temática (materia general) | BIOLOGÍA |
| 650 ## - Materia general | |
| Temática (materia general) | FÍSICA |
| 650 ## - Materia general | |
| Temática (materia general) | QUÍMICA |
| 942 ## - Punto de acceso adicional KOHA | |
| Tipo de ítem KOHA | Libro |
| Fuente del sistema de clasificación o colocación | Dewey Decimal Classification |
| Signatura completa | Código de barras | Tipo de ítem |
|---|---|---|
| 500.078 L579s | 12498 | Libro |